[Event "RUS-IND U14 Match 2019"]
[Site "Sochi"]
[Date "2019.06.06"]
[Round "2.40"]
[White "Nur-Mukhametova, Alisa"]
[Black "Ravi Teja R"]
[Result "1-0"]
[WhiteElo "1983"]
[BlackElo "1047"]
[Annotator "NA RC"]
[PlyCount "119"]
[EventDate "2019.06.02"]
[EventType "team-tourn"]
[EventCountry "RUS"]
[SourceTitle "playchess.com"]
[Source "ChessBase"]
[SourceQuality "1"]
[WhiteTeam "Russia"]
[BlackTeam "India"]
[WhiteTeamCountry "RUS"]
[BlackTeamCountry "IND"]
[TimeControl "5400+30"]

1. e4 {[%emt 0:00:00]} c5 {[%emt 0:00:26]} 2. Nf3 {[%emt 0:00:00]} d6 {[%emt 0:00:40]} 3. d4 {[%emt 0:00:00]} Nf6 {[%emt 0:00:00]} 4. Nc3 {[%emt 0:00:00]} cxd4 {[%emt 0:00:00]} 5. Qxd4 {[%emt 0:00:19]} Nc6 {[%emt 0:01:25]} 6. Bb5 {[%emt 0:00:00]} Bd7 {[%emt 0:00:16]} 7. Bxc6 {[%emt 0:00:00]} Bxc6 {[%emt 0:01:19]} 8. Bg5 {[%emt 0:00:46]} h6 {[%emt 0:09:06]} 9. Bxf6 {[%emt 0:07:28]} gxf6 {[%emt 0:00:20]} 10. O-O-O {[%emt 0:00:08]} Qa5 {[%emt 0:05:34]} 11. Kb1 {[%emt 0:02:04]} Rg8 {[%emt 0:05:09]} 12. Nh4 {[%emt 0:11:04]} Rc8 {[%emt 0:13:44]} 13. g3 {[%emt 0:06:13]} Bd7 {[%emt 0:10:43]} 14. f4 {[%emt 0:05:45]} f5 {[%emt 0:07:36]} 15. e5 {[%emt 0:10:53]} Bg7 {[%emt 0:05:08]} 16. Qd3 {[%emt 0:04:05]} Rxc3 {[%emt 0:10:43]} 17. Qxc3 {[%emt 0:01:53]} Qxc3 {[%emt 0:00:16]} 18. bxc3 {[%emt 0:00:02]} dxe5 {[%emt 0:00:07]} 19. fxe5 {[%emt 0:04:32]} Bxe5 {[%emt 0:00:08]} 20. Rd3 {[%emt 0:04:22]} Bd6 {[%emt 0:12:28]} 21. Re1 {[%emt 0:04:25]} Kf8 {[%emt 0:00:02]} 22. Nf3 {[%emt 0:05:55]} Bc6 {[%emt 0:03:21]} 23. Nd4 {[%emt 0:01:19]} Be4 {[%emt 0:00:21]} 24. Rde3 {[%emt 0:00:48]} e6 {[%emt 0:03:09]} 25. Kb2 {[%emt 0:08:00]} Kg7 {[%emt 0:03:19]} 26. Nb3 {[%emt 0:06:15]} Rc8 {[%emt 0:02:15]} 27. Nd2 {[%emt 0:00:33]} Bc6 {[%emt 0:00:52]} 28. Rd3 {[%emt 0:00:41]} Be7 {[%emt 0:00:14]} 29. Nb3 {[%emt 0:01:12]} Bf6 {[%emt 0:01:00]} 30. Nd4 {[%emt 0:01:23]} Be4 {[%emt 0:00:08]} 31. Rdd1 {[%emt 0:00:24]} a6 {[%emt 0:00:18]} 32. g4 {[%emt 0:01:37]} Kh7 {[%emt 0:04:43]} 33. gxf5 {[%emt 0:01:00]} Bxf5 {[%emt 0:01:03]} 34. Re3 {[%emt 0:04:31]} Bg6 {[%emt 0:00:24]} 35. Nb3 {[%emt 0:00:18]} Rc7 {[%emt 0:00:00]} 36. Rd6 {[%emt 0:01:10]} Be7 {[%emt 0:00:17]} 37. Rb6 {[%emt 0:01:04]} Rd7 {[%emt 0:00:49]} 38. Re2 {[%emt 0:01:16]} Bf6 {[%emt 0:00:22]} 39. Re3 {[%emt 0:00:59]} Be7 {[%emt 0:00:28]} 40. Re2 {[%emt 0:00:52]} Bd8 {[%emt 0:00:32]} 41. Rb4 {[%emt 0:00:55]} Rc7 {[%emt 0:00:33]} 42. a4 {[%emt 0:00:15]} Bf6 {[%emt 0:00:30]} 43. Re3 {[%emt 0:00:40]} Bg7 {[%emt 0:00:38]} 44. Na5 {[%emt 0:00:20]} Rd7 {[%emt 0:00:31]} 45. Re2 {[%emt 0:01:06]} Bh5 {[%emt 0:00:27]} 46. Rf2 {[%emt 0:02:31]} Rc7 {[%emt 0:00:01]} 47. Rc4 {[%emt 0:00:29]} Rd7 {[%emt 0:00:04]} 48. Nb3 {[%emt 0:00:24]} b5 {[%emt 0:00:56]} 49. axb5 {[%emt 0:00:30]} axb5 {[%emt 0:00:56]} 50. Rb4 {[%emt 0:00:59]} Rd5 {[%emt 0:00:31]} 51. Nd4 {[%emt 0:00:26]} Rc5 {[%emt 0:00:01]} 52. Nxb5 {[%emt 0:00:12]} f5 {[%emt 0:01:01]} 53. Nd4 {[%emt 0:01:03]} Kg6 {[%emt 0:00:33]} 54. Rg2+ {[%emt 0:00:36]} Bg4 {[%emt 0:00:30]} 55. h3 {[%emt 0:00:26]} e5 {[%emt 0:00:30]} 56. Nb3 {[%emt 0:00:24]} Rc8 {[%emt 0:00:30]} 57. hxg4 {[%emt 0:00:11]} f4 {[%emt 0:00:04]} 58. Nd2 {[%emt 0:00:14]} Rf8 {[%emt 0:00:43]} 59. Nf3 {[%emt 0:00:06]} Rc8 {[%emt 0:00:01]} 60. Re4 {[%emt 0:00:25]} 1-0

[Event "RUS-IND U14 Match 2019"]
[Site "Sochi"]
[Date "2019.06.06"]
[Round "3.37"]
[White "Mendonca, Leon Luke"]
[Black "Murzin, Volodar"]
[Result "1/2-1/2"]
[WhiteElo "2405"]
[BlackElo "2418"]
[Annotator "TA"]
[PlyCount "156"]
[EventDate "2019.06.02"]
[EventType "team-tourn"]
[EventCountry "RUS"]
[SourceTitle "playchess.com"]
[Source "ChessBase"]
[SourceQuality "1"]
[WhiteTeam "India"]
[BlackTeam "Russia"]
[WhiteTeamCountry "IND"]
[BlackTeamCountry "RUS"]

{[%evp 21,156,-21,39,-7,26,3,27,12,41,31,2,5,13,0,0,0,0,14,1,-51,-36,-57,-40,-58,-10,-10,0,0,0,0,0,0,0,-43,-28,-50,-110,-76,-50,-128,-128,-128,-120,-118,-118,-118,-118,-118,-120,-128,-128,-128,-122,-140,-114,-141,-103,-103,-103,-103,-104,-142,-142,-183,-183,-183,-183,-183,-183,-183,-183,-183,-183,-183,-183,-183,-183,-183,-183,-183,-183,-183,-183,-183,-183,-183,-183,-183,-183,-183,-183,-183,-183,-183,0,-183,-34,-34,-34,-34,-34,-34,-34,-34,-34,-34,-34,-34,-34,-34,0,0,0,0,0,0,0,0,0,0,0,0,0,0,0,0,0,0,0,0,0,0,0,0,0,0,0]} 1. d4 Nf6 2. Nf3 g6 3. Bf4 Bg7 4. e3 O-O 5. Be2 d6 6. h3 Nbd7 7. O-O b6 8. c4 Bb7 9. Nc3 Ne4 10. Nxe4 Bxe4 11. Qd2 c5 ({Black should try} 11... e5 $11 12. Bg3 Qe7) 12. Rac1 {E61: King's Indian: Early deviations for White, including Smyslov System} (12. d5 Bxf3 13. Bxf3 a6 14. Be2 Nf6 15. Qc2 b5 16. a4 Rb8 17. Ra2 bxa4 18. Rxa4 Rb6 19. b3 Qb8 {0-1 (67) Hauge,L (2439)-Grandelius,N (2647) Stockholm 2017}) 12... h6 $146 ({Predecessor:} 12... cxd4 13. exd4 e5 14. Bh6 Qe7 15. Rfe1 Rad8 16. Rcd1 Bxh6 17. Qxh6 Bb7 18. Ng5 f6 {0-1 (58) Peng,X (2189)-Wan,Y (2481) Harbin 2016}) 13. Bh2 Rc8 14. Rfd1 {White has an edge.} Qc7 15. d5 {[#]} b5 $1 {[%mdl 512]} 16. cxb5 Nb6 17. Bc4 Bxf3 18. gxf3 Nxc4 19. Rxc4 Qd7 20. a4 (20. Kg2 $11) 20... Qxh3 $15 21. Bg3 h5 22. Rh4 Qf5 23. Kg2 Rb8 24. Rc1 {[#]} a6 $1 {[%mdl 512]} 25. b4 $1 (25. bxa6 Rxb2) 25... axb5 {And now ...cxb4 would win.} 26. bxc5 bxa4 27. Rf4 Rb2 28. Qd1 Qg5 {aiming for ...Be5.} 29. Rxa4 dxc5 {White must now prevent ...Qxe3.} 30. Rxc5 (30. f4 $15 Qf6 31. Rxc5) 30... Qxe3 $1 $17 31. Rc2 Rxc2 32. Qxc2 Qg5 33. Qc7 Qxd5 34. Qxe7 Ra8 35. Qe4 Qxe4 36. Rxe4 {[%mdl 4096] Endgame KRB-KRB} Ra5 37. Bf4 Kh7 38. Be3 Rf5 39. Rb4 Bf8 40. Rc4 Bd6 41. Rc6 Bf4 42. Bxf4 Rxf4 {KR-KR} 43. Kg3 {[#]} g5 $1 44. Rb6 f6 45. Rb5 Kg6 46. Ra5 Rb4 47. Rc5 h4+ 48. Kg2 Rf4 49. Ra5 Rf5 50. Ra4 Rd5 51. Rb4 Kf5 52. Ra4 Re5 53. Rb4 Rc5 54. Re4 Rc3 55. Ra4 Kg6 56. Ra5 Rc4 57. Rb5 Rf4 58. Ra5 $1 h3+ ({Black should play} 58... Rd4 $19 {Hoping for ...Rd2.} 59. Kh3 Rd2) 59. Kxh3 $15 Rxf3+ 60. Kg2 g4 61. Rb5 f5 62. Rb4 Kg5 63. Ra4 Rb3 (63... Kh4 {keeps more tension.} 64. Ra5 Kh5 65. Rc5 Kg6 66. Ra5 Rh3) 64. Ra5 Rd3 65. Ra4 f4 66. Ra5+ {The position is equal.} Kh4 67. Ra8 $1 Rd5 68. Rh8+ Rh5 69. Rg8 Re5 70. Rh8+ Kg5 71. Rg8+ Kh4 72. Rh8+ Rh5 73. Rg8 Rc5 74. Rh8+ Kg5 75. Rg8+ Kf5 76. Rf8+ Ke5 77. Re8+ Kf5 78. Rf8+ Ke5 {Accuracy: White = 66%, Black = 66%.} 1/2-1/2

[Event "RUS-IND U14 Match 2019"]
[Site "Sochi"]
[Date "2019.06.06"]
[Round "3.38"]
[White "Gukesh D"]
[Black "Tsvetkov, Andrey"]
[Result "1-0"]
[WhiteElo "2543"]
[BlackElo "2323"]
[Annotator "TA"]
[PlyCount "71"]
[EventDate "2019.06.02"]
[EventType "team-tourn"]
[EventCountry "RUS"]
[SourceTitle "playchess.com"]
[Source "ChessBase"]
[SourceQuality "1"]
[WhiteTeam "India"]
[BlackTeam "Russia"]
[WhiteTeamCountry "IND"]
[BlackTeamCountry "RUS"]

{[%evp 14,71,0,-1,14,0,7,0,41,7,39,30,56,58,72,60,67,60,87,81,86,79,121,106,108,110,102,93,138,147,152,129,196,173,266,272,268,251,472,465,423,403,432,432,420,388,585,426,420,413,435,428,524,378,918,904,870,851,840,806]} 1. c4 c6 2. Nf3 d5 3. b3 Bg4 4. e3 Nf6 5. Bb2 e6 6. h3 Bh5 7. Be2 Nbd7 8. O-O Be7 {A12: English Opening: 1...c6 with b3 by White} (8... Bd6 9. cxd5 cxd5 10. Nc3 a6 11. d3 O-O 12. a3 Rc8 13. Rc1 Qe7 14. b4 Bb8 15. g3 h6 16. Nh4 Bxe2 17. Qxe2 Rc6 18. e4 dxe4 19. Nxe4 {½-½ (67) Maghsoodloo,P (2679)-Gledura,B (2615) Wijk aan Zee 2019}) 9. d4 O-O 10. Nbd2 Qb8 {The position is equal.} 11. a3 $146 {[%cal Ba2a3,Ba3a4][%mdl 32]} ({Predecessor:} 11. Ne5 Bxe2 12. Qxe2 Nxe5 13. dxe5 Nd7 14. cxd5 cxd5 15. e4 dxe4 16. Qxe4 Rd8 17. Rfd1 Nc5 {½-½ (34) Reuss,A (2295)-Kalinitschew,S (2495) Schwaebisch Gmuend 2001}) 11... b5 12. c5 Qc7 13. b4 Rfd8 14. Nb3 Ne4 15. Qc2 f5 16. a4 a6 17. Ra2 f4 18. exf4 Qxf4 19. Bc1 Qf7 20. Be3 Rac8 21. axb5 axb5 22. Ra7 {[#] Hoping for Rxd7!} Bg6 (22... Bf6 $16) 23. Bd3 Qf8 (23... Ra8 $142 24. Rfa1 Qe8) 24. Na5 $18 Bf6 25. Bf4 e5 $2 (25... Qe8 26. Bc7 Ndxc5) 26. dxe5 Be7 27. Bh2 Ndxc5 28. bxc5 Bxc5 29. Rb7 Nxf2 (29... Re8 $142 30. Nb3 Be7) 30. Bxg6 Ne4+ 31. Kh1 hxg6 32. Nb3 Qf5 {[#] And now ...Ng3+! would win.} 33. Qb2 ({Weaker is} 33. Nxc5 Ng3+ 34. Bxg3 Qxc2 $16) 33... Be3 $2 (33... Rf8 34. g4 (34. e6 Qf6 $18) 34... Qe6) 34. g4 {White is clearly winning.} ({Not} 34. e6 Qf6 $18) 34... Qf8 35. e6 Re8 36. Rf7 {Accuracy: White = 71%, Black = 27%.} 1-0

[Event "RUS-IND U14 Match 2019"]
[Site "Sochi"]
[Date "2019.06.06"]
[Round "3.39"]
[White "Savitha Shri B"]
[Black "Kirchei, Viktoriia"]
[Result "0-1"]
[WhiteElo "2144"]
[BlackElo "2026"]
[Annotator "TA"]
[PlyCount "132"]
[EventDate "2019.06.02"]
[EventType "team-tourn"]
[EventCountry "RUS"]
[SourceTitle "playchess.com"]
[Source "ChessBase"]
[SourceQuality "1"]
[WhiteTeam "India"]
[BlackTeam "Russia"]
[WhiteTeamCountry "IND"]

{[%evp 28,132,54,48,48,42,46,29,46,42,43,9,84,54,72,19,75,-118,-118,-118,-118,-118,-118,-118,-118,-124,-127,-125,-117,-127,-112,-127,-106,-128,-114,-143,-106,-93,-91,-182,-182,-183,-181,-222,-225,-241,-227,-258,-255,-276,-269,-267,-247,-321,-277,-314,-246,-290,-250,-311,-251,-243,-251,-244,-223,-221,-215,-219,-215,-215,-215,-248,-255,-280,-280,-315,-305,-389,-381,-414,-360,-565,-529,-736,-706,-872,-863,-813,-765,-757,-731,-746,-744,-757,-757,-29982,-29983,-29982,-29982,-29991,-29992,-29993,-29994,-29997,-29993,-29998,-29999]} 1. e4 c5 2. Nf3 Nc6 3. d4 cxd4 4. Nxd4 g6 5. c4 Bg7 6. Be3 d6 7. Nc3 Nf6 8. Be2 O-O 9. O-O Bd7 10. Qd2 Nxd4 11. Bxd4 Bc6 12. f3 a5 13. b3 Nd7 14. Bf2 Nc5 15. Rab1 e6 {B38: Sicilian: Maroczy Bind with 5...Bg7 and 7...0-0} (15... Qc7 16. Rfc1 Rfc8 17. Rc2 Qd8 18. Bf1 h5 19. Nd5 e6 20. Nc3 Be5 21. a3 Qf6 22. b4 axb4 23. axb4 Na4 {1-0 (37) Wojtaszek,R (2724)-Stachowiak,K (2439) Chorzow 2019}) 16. Rfd1 Be5 17. Bd4 Qf6 {White has an edge.} 18. Bxe5 (18. Qe3 $5 {[%cal Rd4e5]}) 18... dxe5 19. Qe3 Na6 $146 (19... Qe7 $11 {keeps the balance.}) ({Predecessor:} 19... Qe7 20. Nd5 exd5 21. cxd5 Ne6 22. dxe6 Qxe6 23. Qc5 Rfe8 {1-0 (65) Sambuev,B (2523)-Panjwani,R (2394) Montreal 2012}) 20. Rd6 Qe7 {[#]} 21. Rbd1 ({White should try} 21. c5 $1 $16) 21... Nc7 (21... Rfc8 $11) 22. Nb5 $2 (22. Qc5 $16 {and life is bright.} Qg5 23. g3) 22... Bxb5 $1 $17 23. cxb5 {Black must now prevent Rd7.} Nd5 $1 {[%cal Rd5e3]} 24. R6xd5 exd5 25. exd5 {intending d6.} Qd6 26. a4 Rfc8 27. Bc4 Re8 28. Re1 Rac8 29. Kf2 Kg7 30. Kf1 Qc5 31. Kf2 Kf6 32. Rd1 Red8 33. Ke2 (33. Qxc5 $17 Rxc5 34. Ke3) 33... Qxe3+ $19 34. Kxe3 {[%mdl 4096] Endgame KRR-KRB} Ke7 35. Rd2 Kd6 36. Rf2 f5 37. Rf1 g5 38. Rf2 Re8 39. Rf1 h5 40. Rf2 Rg8 41. Rf1 Rcf8 42. Be2 Rg7 43. Rf2 Kxd5 44. Bc4+ Kc5 45. Rd2 Re7 46. Rd5+ Kb4 47. b6 Rf6 48. Rb5+ Kc3 49. Rxa5 Rxb6 50. Rc5 Rc6 51. Rb5 Rd6 52. Rc5 b6 53. Rc8 Kb4 54. Rh8 (54. Rf8 $142 f4+ 55. Ke4) 54... e4 {[#] aiming for ...f4+.} 55. fxe4 Rxe4+ 56. Kf3 h4 57. h3 Rf4+ 58. Ke3 Kc3 59. Rc8 Re4+ 60. Kf3 Kd2 {[%csl Gg5][%cal Re4f4]} 61. g3 Re3+ {Black mates.} 62. Kg2 hxg3 63. Rg8 Kd1 64. Rxg5 Rd2+ 65. Kg1 Re1+ 66. Bf1 Rf2 {Accuracy: White = 22%, Black = 66%.} 0-1

[Event "RUS-IND U14 Match 2019"]
[Site "Sochi"]
[Date "2019.06.06"]
[Round "3.40"]
[White "Ravi Teja R"]
[Black "Nur-Mukhametova, Alisa"]
[Result "1-0"]
[WhiteElo "1047"]
[BlackElo "1983"]
[Annotator "NA RC"]
[PlyCount "71"]
[EventDate "2019.06.02"]
[EventType "team-tourn"]
[EventCountry "RUS"]
[SourceTitle "playchess.com"]
[Source "ChessBase"]
[SourceQuality "1"]
[WhiteTeam "India"]
[BlackTeam "Russia"]
[WhiteTeamCountry "IND"]
[BlackTeamCountry "RUS"]
[TimeControl "5400+30"]

1. e4 {[%emt 0:00:00]} e6 {[%emt 0:00:00]} 2. d4 {[%emt 0:00:00]} d5 {[%emt 0:00:00]} 3. Nd2 {[%emt 0:00:00]} Be7 {[%emt 0:00:03]} 4. e5 {[%emt 0:00:00]} c5 {[%emt 0:00:12]} 5. c3 {[%emt 0:00:21]} Nc6 {[%emt 0:00:16]} 6. Bd3 {[%emt 0:02:14]} Nh6 {[%emt 0:00:50]} 7. Ndf3 {[%emt 0:03:30]} cxd4 {[%emt 0:02:27]} 8. cxd4 {[%emt 0:00:10]} Nf5 {[%emt 0:00:39]} 9. Ne2 {[%emt 0:01:56]} O-O {[%emt 0:00:19]} 10. O-O {[%emt 0:02:02]} Bd7 {[%emt 0:01:51]} 11. a3 {[%emt 0:13:40]} Rc8 {[%emt 0:04:23]} 12. b4 {[%emt 0:01:01]} b5 {[%emt 0:01:24]} 13. Rb1 {[%emt 0:03:42]} Qb6 {[%emt 0:00:31]} 14. g4 {[%emt 0:14:12]} Nh4 {[%emt 0:03:53]} 15. Nxh4 {[%emt 0:03:16]} Bxh4 {[%emt 0:13:45]} 16. g5 {[%emt 0:00:30]} h6 {[%emt 0:00:03]} 17. gxh6 {[%emt 0:01:56]} g6 {[%emt 0:08:03]} 18. Be3 {[%emt 0:01:25]} Kh7 {[%emt 0:00:17]} 19. Nf4 {[%emt 0:01:48]} Bg5 {[%emt 0:04:11]} 20. Nh5 {[%emt 0:04:37]} Bxe3 {[%emt 0:08:51]} 21. Nf6+ {[%emt 0:02:39]} Kh8 {[%emt 0:05:52]} 22. fxe3 {[%emt 0:01:35]} Qd8 {[%emt 0:00:02]} 23. Qf3 {[%emt 0:09:18]} Rc7 {[%emt 0:02:09]} 24. Rbc1 {[%emt 0:01:01]} Bc8 {[%emt 0:01:34]} 25. h4 {[%emt 0:00:27]} a6 {[%emt 0:00:32]} 26. Kh2 {[%emt 0:01:55]} Bb7 {[%emt 0:03:37]} 27. h5 {[%emt 0:00:46]} Qe7 {[%emt 0:02:07]} 28. Rg1 {[%emt 0:01:04]} Qd8 {[%emt 0:01:17]} 29. Bxg6 {[%emt 0:02:48]} fxg6 {[%emt 0:00:46]} 30. hxg6 {[%emt 0:00:29]} Rg7 {[%emt 0:03:09]} 31. hxg7+ {[%emt 0:05:47]} Kxg7 {[%emt 0:04:28]} 32. Kg3 {[%emt 0:00:05]} Ne7 {[%emt 0:00:10]} 33. Rh1 {[%emt 0:01:03]} Nf5+ {[%emt 0:00:02]} 34. Kf2 {[%emt 0:00:32]} Rh8 {[%emt 0:00:54]} 35. Rxh8 {[%emt 0:01:49]} Kxh8 {[%emt 0:00:16]} 36. Qh5+ {[%emt 0:00:15]} 1-0

[Event "RUS-IND U14 Match 2019"]
[Site "Sochi"]
[Date "2019.06.06"]
[Round "4.1"]
[White "Murzin, Volodar"]
[Black "Gukesh D"]
[Result "0-1"]
[WhiteElo "2418"]
[BlackElo "2543"]
[Annotator "TA"]
[PlyCount "94"]
[EventDate "2019.06.02"]
[EventType "team-tourn"]
[EventCountry "RUS"]
[SourceTitle "playchess.com"]
[Source "ChessBase"]
[SourceQuality "1"]
[WhiteTeam "Russia"]
[BlackTeam "India"]
[WhiteTeamCountry "RUS"]
[BlackTeamCountry "IND"]

{[%evp 14,94,24,23,22,0,13,10,8,0,0,0,22,0,0,0,25,0,55,30,29,-7,-5,-8,0,0,0,-6,-6,-8,30,38,39,0,0,-6,0,0,0,-80,-88,-135,-118,-116,-119,-160,-166,-206,-209,-287,-291,-337,-335,-337,-329,-409,-356,-437,-430,-558,-570,-561,-567,-535,-448,-602,-586,-917,-922,-910,-877,-1011,-1013,-1012,-1013,-1013,-990,-953,-944,-930,-946,-844,-735]} 1. e4 c5 2. Nf3 Nc6 3. Bb5 g6 4. Bxc6 dxc6 5. d3 Bg7 6. O-O Nf6 7. Re1 O-O 8. h3 Ne8 {B31: Sicilian: 2...Nc6 3 Bb5 g6} (8... Re8 9. Nc3 e5 10. Be3 Nd7 11. Qd2 b6 12. Bh6 Nf8 13. Ne2 Qd6 14. Nh2 Be6 15. b3 Rad8 16. Bxg7 Kxg7 {½-½ (87) Frolyanov,D (2576)-Pridorozhni,A (2571) Khanty-Mansiysk 2017}) 9. a4 Nc7 10. e5 Be6 $146 {The position is equal.} ({Predecessor:} 10... Ne6 11. a5 Nd4 12. Nbd2 Qc7 13. c3 Nxf3+ 14. Nxf3 {½-½ (62) Bodnaruk,A (2426)-Vega Gutierrez,S (2389) Khanty-Mansiysk 2018}) 11. Nbd2 Bd5 12. b3 Ne6 13. Ne4 Qc7 14. Bb2 Rfd8 15. Qc1 h6 (15... Nd4 $11) 16. Qe3 b6 {[%cal Bb7b6,Bb6b5][%mdl 32]} 17. c4 Bxe4 $1 18. Qxe4 Rd7 19. Rad1 Rb8 20. Bc3 b5 21. Qe3 Qb7 22. Nd2 Qc7 23. Kh1 Rbd8 24. Nf3 bxc4 25. bxc4 Qb6 26. Qc1 (26. Ng1 $1 $11) 26... Rxd3 $17 27. Qc2 Rxd1 28. Rxd1 Nd4 $36 {[%mdl 2048] Keeping White busy.} 29. Bxd4 cxd4 30. e6 f5 31. g4 c5 32. gxf5 Qc6 33. Kg2 Rf8 34. Rd3 gxf5 35. Kf1 Qxe6 {Black is clearly winning.} 36. Nh4 Qf6 37. Ng2 e5 38. Rg3 Rb8 39. Kg1 Kh8 40. Qd1 f4 41. Rg4 Qf5 42. Qf3 Rb1+ 43. Kh2 {[#]} e4 $1 {[%cal Re4f3]} 44. Nh4 exf3 45. Nxf5 d3 {Hoping for ...d2.} 46. Rxg7 d2 47. Rd7 d1=Q {Accuracy: White = 37%, Black = 68%.} 0-1

[Event "RUS-IND U14 Match 2019"]
[Site "Sochi"]
[Date "2019.06.06"]
[Round "4.2"]
[White "Tsvetkov, Andrey"]
[Black "Mendonca, Leon Luke"]
[Result "0-1"]
[WhiteElo "2323"]
[BlackElo "2405"]
[Annotator "TA"]
[PlyCount "66"]
[EventDate "2019.06.02"]
[EventType "team-tourn"]
[EventCountry "RUS"]
[SourceTitle "playchess.com"]
[Source "ChessBase"]
[SourceQuality "1"]
[WhiteTeam "Russia"]
[BlackTeam "India"]
[WhiteTeamCountry "RUS"]
[BlackTeamCountry "IND"]

{[%evp 9,66,-10,-7,-17,-15,-8,-10,-33,-21,-41,-39,-50,-44,-52,-38,-69,-83,-75,-73,-78,-82,-73,-39,-43,-43,-76,-12,-35,-42,-66,-73,-170,-184,-168,-172,-437,-446,-444,-447,-441,-434,-430,-420,-458,-443,-458,-458,-420,-437,-422,-424,-2416,-2176,-1612,-1150,-29982,-29981,-29976,-29977]} 1. d4 Nf6 2. c4 e6 3. Nc3 Bb4 4. f3 c5 5. d5 b5 6. e4 {E20: Nimzo-Indian: 4 g3 and 4 f3} O-O (6... d6 7. Nge2 bxc4 8. Nf4 Bxc3+ 9. bxc3 e5 10. Ne2 Nh5 11. h4 Nd7 12. g4 Qf6 13. Kf2 Nf4 14. Nxf4 exf4 {0-1 (36) Kravtsiv,M (2644)-Moiseenko,A (2640) Kiev 2018}) 7. Bg5 d6 8. Be2 $146 {The position is equal.} ({Predecessor:} 8. Bd3 h6 9. Bh4 exd5 10. cxd5 c4 11. Bc2 Bc5 12. Nge2 b4 13. Na4 Be3 14. Bf2 Bxf2+ 15. Kxf2 {0-1 (31) Tarun,V (2019)-Krishna Teja,N (2359) Kankarbagh 2017}) 8... Re8 9. Nh3 exd5 10. cxd5 Bxh3 11. gxh3 a6 12. Rg1 Nbd7 13. Qd2 c4 14. Rg2 Rb8 15. Kf1 Bc5 16. Nd1 Ne5 17. Ne3 Bxe3 (17... Ng6 $17 {Threatens to win with ...h6.} 18. Nf5 Re5) 18. Qxe3 Ng6 19. Qc3 Re5 20. f4 (20. Qd4 $17 {was necessary.}) 20... Rxe4 $19 {aiming for ...Qb6.} 21. f5 Ne5 {[%cal Bg6e5,Be5f3,Bf3d2][%mdl 32]} ({Inferior is} 21... Nxd5 22. Qd2 $16) 22. Bf3 $2 (22. Rd1 {is a better defense.}) 22... b4 23. Qc2 Nxf3 24. Bxf6 {[#]} Nd2+ $1 {[%mdl 512]} 25. Rxd2 (25. Qxd2 Qxf6) 25... Rf4+ 26. Rf2 Rxf2+ 27. Qxf2 Qxf6 {[%mdl 4096] Endgame KQR-KQR} 28. Rc1 c3 {White must now prevent ...b3.} 29. bxc3 bxc3 30. Rc2 (30. Qc2 $142) 30... Rb1+ 31. Kg2 h6 32. Qf3 Qg5+ 33. Qg3 Rb2 {Accuracy: White = 33%, Black = 83%.} 0-1

[Event "RUS-IND U14 Match 2019"]
[Site "Sochi"]
[Date "2019.06.06"]
[Round "4.3"]
[White "Kirchei, Viktoriia"]
[Black "Ravi Teja R"]
[Result "0-1"]
[WhiteElo "2026"]
[BlackElo "1047"]
[Annotator "NA RC"]
[PlyCount "70"]
[EventDate "2019.06.02"]
[EventType "team-tourn"]
[EventCountry "RUS"]
[SourceTitle "playchess.com"]
[Source "ChessBase"]
[SourceQuality "1"]
[WhiteTeam "Russia"]
[BlackTeam "India"]
[BlackTeamCountry "IND"]
[TimeControl "5400+30"]

1. e4 {[%emt 0:00:00]} e5 {[%emt 0:00:15]} 2. Nf3 {[%emt 0:00:00]} Nc6 {[%emt 0:00:00]} 3. Bb5 {[%emt 0:00:00]} f5 {[%emt 0:00:22]} 4. d3 {[%emt 0:05:26]} fxe4 {[%emt 0:00:07]} 5. dxe4 {[%emt 0:00:00]} Nf6 {[%emt 0:00:06]} 6. O-O {[%emt 0:02:10]} Nxe4 {[%emt 0:09:15]} 7. Re1 {[%emt 0:03:14]} d5 {[%emt 0:02:00]} 8. Nxe5 {[%emt 0:04:06]} Qf6 {[%emt 0:00:06]} 9. Nd3 {[%emt 0:14:00]} Bd6 {[%emt 0:27:42]} 10. Qh5+ {[%emt 0:10:33]} Qf7 {[%emt 0:01:56]} 11. Qxf7+ {[%emt 0:00:00]} Kxf7 {[%emt 0:00:07]} 12. c4 {[%emt 0:00:30]} Nd4 {[%emt 0:04:19]} 13. Ba4 {[%emt 0:05:20]} Bf5 {[%emt 0:11:38]} 14. cxd5 {[%emt 0:03:27]} b5 {[%emt 0:03:25]} 15. Be3 {[%emt 0:02:01]} bxa4 {[%emt 0:04:44]} 16. Bxd4 {[%emt 0:01:01]} Rhe8 {[%emt 0:07:49]} 17. Na3 {[%emt 0:02:27]} Nf6 {[%emt 0:03:02]} 18. Ne5+ {[%emt 0:02:58]} Kg8 {[%emt 0:00:42]} 19. Nb5 {[%emt 0:08:08]} Nxd5 {[%emt 0:02:45]} 20. Nxd6 {[%emt 0:01:09]} cxd6 {[%emt 0:00:02]} 21. Nc4 {[%emt 0:00:19]} Red8 {[%emt 0:00:00]} 22. Rad1 {[%emt 0:01:06]} Rac8 {[%emt 0:03:04]} 23. Na5 {[%emt 0:07:10]} Nf4 {[%emt 0:03:10]} 24. Bxa7 {[%emt 0:06:28]} Rc2 {[%emt 0:01:14]} 25. Bd4 {[%emt 0:07:05]} Rb8 {[%emt 0:05:43]} 26. Bc3 {[%emt 0:03:18]} Ne2+ {[%emt 0:02:11]} 27. Kf1 {[%emt 0:00:05]} Nxc3 {[%emt 0:00:08]} 28. bxc3 {[%emt 0:00:00]} Rbb2 {[%emt 0:00:26]} 29. Nc4 {[%emt 0:01:56]} Rxf2+ {[%emt 0:00:04]} 30. Kg1 {[%emt 0:00:04]} Rxg2+ {[%emt 0:00:04]} 31. Kh1 {[%emt 0:00:06]} Rxh2+ {[%emt 0:00:19]} 32. Kg1 {[%emt 0:00:03]} Rbg2+ {[%emt 0:00:59]} 33. Kf1 {[%emt 0:00:05]} Bh3 {[%emt 0:01:26]} 34. Re8+ {[%emt 0:03:35]} Kf7 {[%emt 0:00:03]} 35. Nxd6+ {[%emt 0:00:10]} Kg6 {[%emt 0:00:03]} 0-1